Poplatky nezabrzdia reformu záložného práva
Reforma záložného práva naostro štartuje od r. 2003. Poplatky za registráciu by nemali zabrzdiť reformu záložného práva na Slovensku. Rozšírenie záložného práva na viaceré druhy majetku. Od začiatku r. 2003 začína fungovať Notársky centrálny register záložných práv. Cena za zápis do registra záložný...
Na minha lista:
| Autor principal: | |
|---|---|
| Outros Autores: | |
| Formato: | Capítulo de Livro |
| Idioma: | eslovaco |
| Assuntos: | |
| Tags: |
Sem tags, seja o primeiro a adicionar uma tag!
|
MARC
| LEADER | 00000naa a2200000 4500 | ||
|---|---|---|---|
| 001 | r047514 | ||
| 005 | 20230921114736.0 | ||
| 041 | 0 | |a slo | |
| 044 | |a SK | ||
| 245 | 1 | 0 | |a Poplatky nezabrzdia reformu záložného práva |c Rado Baťo, Branislav Sobinkovič |
| 520 | |a Reforma záložného práva naostro štartuje od r. 2003. Poplatky za registráciu by nemali zabrzdiť reformu záložného práva na Slovensku. Rozšírenie záložného práva na viaceré druhy majetku. Od začiatku r. 2003 začína fungovať Notársky centrálny register záložných práv. Cena za zápis do registra záložných práv. Dobrovoľné dražby ako alternatíva k exekúcii majetku dlžníka. Spolupráca dlžníka. | ||
| 610 | 2 | 0 | |a právo záložné |
| 610 | 2 | 0 | |a reformy |
| 610 | 2 | 0 | |a poplatky |
| 610 | 2 | 0 | |a registre |
| 610 | 2 | 0 | |a ceny |
| 610 | 2 | 0 | |a dražby |
| 610 | 2 | 0 | |a dlžníci |
| 610 | 2 | 0 | |a Slovensko |
| 610 | 2 | 0 | |a Notársky centrálny register záložných práv |
| 100 | 1 | |a Baťo, Rado | |
| 700 | 1 | |a Sobinkovič, Branislav | |